| 000 | 00424nam a22001577a 4500 | ||
|---|---|---|---|
| 005 | 20250605101826.0 | ||
| 008 | 250605b |||||||| |||| 00| 0 eng d | ||
| 020 | _a9780851105833 | ||
| 050 |
_aBT380 _bLIO |
||
| 100 | _aLIOYD-JONES, MARTYN | ||
| 245 | _aSTUDIES IN THE SERMON ON THE MOUNT | ||
| 250 | _bVOL 1 | ||
| 260 |
_aMICHIGAN _bWM. B. EERDMANS PUBLISHING COMPANY _cc1960 |
||
| 300 | _aviii, 337p | ||
| 942 |
_2lcc _cBK _n0 |
||
| 999 |
_c6296 _d6296 |
||